Prénoms garçons 2001 - Statistiques

Statistiques générales
  • Ce quiz a été pris 230 fois
  • Le résultat moyen est 47 sur 100
Statistiques - réponses
Lettre Prénoms % Correct
3 T Théo
92%
7 Q Quentin
88%
22 L Léo
86%
1 T Thomas
86%
2 L Lucas
80%
15 P Paul
80%
4 H Hugo
77%
12 J Julien
77%
16 L Louis
76%
65 A Alex
75%
33 J Jules
74%
10 A Antoine
73%
35 K Kevin
73%
21 T Tom
72%
31 V Victor
70%
67 J Jean
69%
28 P Pierre
69%
9 A Alexandre
67%
18 B Baptiste
67%
13 V Valentin
67%
32 M Mathieu
65%
29 M Mathis
65%
26 N Nathan
65%
5 M Maxime
62%
6 N Nicolas
62%
68 W William
61%
66 C Charles
59%
23 R Romain
59%
41 B Bastien
57%
8 C Clément
57%
56 M Matheo
57%
20 A Arthur
56%
42 G Gabriel
56%
14 A Alexis
52%
17 B Benjamin
52%
60 D Damien
52%
30 A Axel
51%
34 C Corentin
51%
55 D David
51%
11 E Enzo
51%
48 M Martin
51%
71 Y Yann
51%
24 A Adrien
49%
25 A Anthony
49%
19 F Florian
48%
96 K Kylian
48%
37 M Maxence
48%
40 R Raphaël
48%
39 S Simon
48%
90 F Fabien
47%
54 V Vincent
47%
93 F Florent
46%
74 Y Yanis
45%
46 D Dorian
44%
45 G Guillaume
43%
36 J Jeremy
43%
53 J Jordan
43%
64 M Mathias
43%
38 S Samuel
43%
47 T Thibault
43%
61 M Maël
40%
70 S Sebastien
40%
52 T Tristan
40%
51 K Kilian
38%
49 M Mattéo
38%
89 M Mohamed
38%
44 R Rémi
38%
80 B Benoit
36%
27 D Dylan
36%
57 M Matthieu
36%
94 F François
35%
63 J Jonathan
35%
69 E Evan
34%
43 L Loïc
34%
58 R Robin
33%
100 S Sacha
33%
81 A Arnaud
32%
73 A Adam
31%
59 A Antonin
31%
75 M Matéo
30%
50 A Aurélien
29%
88 R Ryan
27%
84 R Rémy
26%
87 M Mickaël
25%
62 E Erwan
23%
78 R Rayan
23%
82 T Thibaut
23%
77 B Bryan
20%
99 D Dimitri
20%
79 G Gaëtan
20%
85 L Lilian
20%
95 S Sofiane
18%
83 A Alan
16%
97 C Christopher
16%
92 M Mehdi
16%
76 S Steven
16%
98 J Jason
15%
72 T Tony
15%
91 A Allan
14%
86 T Tanguy
11%
Aucun quiz correspondant
Distribution des résultats
% des personnes avec chaque résultat
Percentile par nombre de réponses
Votre historique - résultats
Vous n’avez pas pris ce quiz